[Event "DEM U12 2023"]
[Site "Willingen GER"]
[Date "2023.06.01"]
[Round "7"]
[White "Vranckx, Oscar"]
[Black "Charchulla, Moritz"]
[Result "1-0"]
[Termination "normal"]
[Board "10"]
[WhiteElo "1733"]
[BlackElo "1063"]
[WhiteClock "01:18:00"]
[BlackClock "00:31:45"]
[PlyCount "59"]
[WhiteFideId "34608788"]
[BlackFideId "34607579"]
[EventCountry "GER"]
[EventRounds "9"]
[EventType "swiss"]
[EventDate "2023.05.27"]

1. e4 {[%clk 01:30:56]} {[%emt 00:00:04]} e5 {[%clk 01:30:57]} {[%emt
00:00:04]} 2. Nf3 {[%clk 01:31:22]} {[%emt 00:00:03]} Nc6 {[%clk 01:31:22]}
{[%emt 00:00:05]} 3. d4 {[%clk 01:31:39]} {[%emt 00:00:12]} exd4 {[%clk
01:31:46]} {[%emt 00:00:07]} 4. Nxd4 {[%clk 01:32:00]} {[%emt 00:00:08]} Bc5
{[%clk 01:32:09]} {[%emt 00:00:07]} 5. Be3 {[%clk 01:32:05]} {[%emt 00:00:25]}
Qf6 {[%clk 01:32:00]} {[%emt 00:00:39]} 6. c3 {[%clk 01:32:04]} {[%emt
00:00:30]} Nge7 {[%clk 01:32:05]} {[%emt 00:00:26]} 7. Bc4 {[%clk 01:31:41]}
{[%emt 00:00:54]} Ne5 {[%clk 01:32:17]} {[%emt 00:00:17]} 8. Be2 {[%clk
01:31:58]} {[%emt 00:00:13]} Qg6 {[%clk 01:32:23]} {[%emt 00:00:24]} 9. O-O
{[%clk 01:32:07]} {[%emt 00:00:21]} O-O {[%clk 01:32:09]} {[%emt 00:00:44]} 10.
f4 {[%clk 01:32:06]} {[%emt 00:00:31]} Qxe4 {[%clk 01:26:15]} {[%emt 00:06:25]}
11. Qd2 {[%clk 01:32:04]} {[%emt 00:00:32]} Bxd4 {[%clk 01:23:56]} {[%emt
00:02:48]} 12. cxd4 {[%clk 01:31:17]} {[%emt 00:01:17]} N5c6 {[%clk 01:21:08]}
{[%emt 00:03:19]} 13. Nc3 {[%clk 01:27:58]} {[%emt 00:03:50]} Qf5 {[%clk
01:17:50]} {[%emt 00:03:47]} 14. d5 {[%clk 01:26:21]} {[%emt 00:02:07]} Nb4
{[%clk 01:13:37]} {[%emt 00:04:43]} 15. Bc5 {[%clk 01:26:18]} {[%emt 00:00:33]}
Nbxd5 {[%clk 01:10:29]} {[%emt 00:03:38]} 16. Bd3 {[%clk 01:26:06]} {[%emt
00:00:41]} Qf6 {[%clk 01:09:15]} {[%emt 00:01:45]} 17. Nxd5 {[%clk 01:26:18]}
{[%emt 00:00:19]} Nxd5 {[%clk 01:09:26]} {[%emt 00:00:18]} 18. Bxh7+ {[%clk
01:26:31]} {[%emt 00:00:17]} Kxh7 {[%clk 01:09:39]} {[%emt 00:00:18]} 19. Bxf8
{[%clk 01:26:53]} {[%emt 00:00:07]} Qb6+ {[%clk 01:06:58]} {[%emt 00:03:10]}
20. Kh1 {[%clk 01:27:14]} {[%emt 00:00:09]} Nf6 {[%clk 01:02:21]} {[%emt
00:05:07]} 21. Be7 {[%clk 01:26:28]} {[%emt 00:01:16]} Ng4 {[%clk 00:56:03]}
{[%emt 00:06:48]} 22. h3 {[%clk 01:25:56]} {[%emt 00:01:03]} Nh6 {[%clk
00:54:37]} {[%emt 00:01:54]} 23. f5 {[%clk 01:25:56]} {[%emt 00:00:32]} f6
{[%clk 00:53:43]} {[%emt 00:01:24]} 24. Rac1 {[%clk 01:25:16]} {[%emt
00:01:10]} Qa6 {[%clk 00:50:29]} {[%emt 00:03:43]} 25. Rf3 {[%clk 01:24:27]}
{[%emt 00:01:19]} c6 {[%clk 00:40:41]} {[%emt 00:10:19]} 26. Qd6 {[%clk
01:22:41]} {[%emt 00:02:15]} Qxa2 {[%clk 00:39:46]} {[%emt 00:01:24]} 27. b3
{[%clk 01:18:38]} {[%emt 00:04:34]} Nf7 {[%clk 00:35:58]} {[%emt 00:04:19]} 28.
Qg3 {[%clk 01:17:16]} {[%emt 00:01:52]} d5 {[%clk 00:31:30]} {[%emt 00:04:57]}
29. Qg6+ {[%clk 01:17:38]} {[%emt 00:00:08]} Kg8 {[%clk 00:31:45]} {[%emt
00:00:15]} 30. Bxf6 {[%clk 01:18:00]} {[%emt 00:00:08]} 1-0

[Event "DEM U12 2023"]
[Site "Willingen GER"]
[Date "2023.06.01"]
[Round "7"]
[White "Allen, Phillipp"]
[Black "Rau, Eduard"]
[Result "0-1"]
[Termination "normal"]
[Board "11"]
[WhiteElo "1539"]
[BlackElo "1393"]
[WhiteClock "00:16:55"]
[BlackClock "01:44:32"]
[PlyCount "126"]
[WhiteFideId "16272846"]
[BlackFideId "16287231"]
[EventCountry "GER"]
[EventRounds "9"]
[EventType "swiss"]
[EventDate "2023.05.27"]

1. e4 {[%clk 01:30:58]} {[%emt 00:00:02]} e5 {[%clk 01:30:49]} {[%emt
00:00:11]} 2. Nf3 {[%clk 01:31:19]} {[%emt 00:00:08]} Nc6 {[%clk 01:31:13]}
{[%emt 00:00:07]} 3. Bb5 {[%clk 01:31:40]} {[%emt 00:00:10]} a6 {[%clk
01:31:37]} {[%emt 00:00:05]} 4. Ba4 {[%clk 01:31:56]} {[%emt 00:00:14]} Nf6
{[%clk 01:32:01]} {[%emt 00:00:05]} 5. d3 {[%clk 01:32:14]} {[%emt 00:00:13]}
b5 {[%clk 01:32:22]} {[%emt 00:00:09]} 6. Bb3 {[%clk 01:32:36]} {[%emt
00:00:08]} Be7 {[%clk 01:32:48]} {[%emt 00:00:04]} 7. O-O {[%clk 01:32:29]}
{[%emt 00:00:36]} O-O {[%clk 01:33:08]} {[%emt 00:00:11]} 8. Re1 {[%clk
01:32:47]} {[%emt 00:00:12]} d5 {[%clk 01:33:24]} {[%emt 00:00:14]} 9. exd5
{[%clk 01:32:48]} {[%emt 00:00:29]} Nxd5 {[%clk 01:33:44]} {[%emt 00:00:10]}
10. Nxe5 {[%clk 01:32:40]} {[%emt 00:00:38]} Nxe5 {[%clk 01:34:09]} {[%emt
00:00:05]} 11. Rxe5 {[%clk 01:32:44]} {[%emt 00:00:26]} c6 {[%clk 01:34:19]}
{[%emt 00:00:20]} 12. Bxd5 {[%clk 01:32:38]} {[%emt 00:00:36]} cxd5 {[%clk
01:34:40]} {[%emt 00:00:09]} 13. d4 {[%clk 01:31:47]} {[%emt 00:01:21]} Bd6
{[%clk 01:34:52]} {[%emt 00:00:18]} 14. Re1 {[%clk 01:31:51]} {[%emt 00:00:25]}
Qh4 {[%clk 01:35:06]} {[%emt 00:00:17]} 15. g3 {[%clk 01:31:58]} {[%emt
00:00:23]} Qh3 {[%clk 01:35:28]} {[%emt 00:00:08]} 16. Qf3 {[%clk 01:32:02]}
{[%emt 00:00:26]} Bg4 {[%clk 01:34:18]} {[%emt 00:01:40]} 17. Qxd5 {[%clk
01:24:40]} {[%emt 00:07:53]} Rae8 {[%clk 01:33:38]} {[%emt 00:01:09]} 18. Rxe8
Rxe8 19. Be3 {[%clk 01:23:35]} {[%emt 00:00:23]} Rd8 {[%clk 01:20:47]} {[%emt
00:13:52]} 20. Qg2 {[%clk 01:17:22]} {[%emt 00:06:42]} Qh5 {[%clk 01:21:05]}
{[%emt 00:00:12]} 21. Nd2 {[%clk 01:16:38]} {[%emt 00:01:14]} Bh3 {[%clk
01:19:58]} {[%emt 00:01:37]} 22. Qf3 {[%clk 01:14:40]} {[%emt 00:02:28]} Bg4
{[%clk 01:20:19]} {[%emt 00:00:09]} 23. Qg2 {[%clk 01:06:44]} {[%emt 00:08:26]}
Qg6 {[%clk 01:18:23]} {[%emt 00:02:26]} 24. Ne4 {[%clk 01:00:17]} {[%emt
00:06:56]} Bf8 {[%clk 01:17:12]} {[%emt 00:01:41]} 25. f3 {[%clk 00:47:36]}
{[%emt 00:13:12]} Re8 {[%clk 01:16:17]} {[%emt 00:01:25]} 26. Re1 {[%clk
00:38:07]} {[%emt 00:09:58]} Bf5 {[%clk 01:16:05]} {[%emt 00:00:43]} 27. Bf2
{[%clk 00:36:33]} {[%emt 00:02:04]} Be6 {[%clk 01:15:40]} {[%emt 00:00:55]} 28.
a3 {[%clk 00:26:31]} {[%emt 00:10:32]} Rc8 {[%clk 01:15:52]} {[%emt 00:00:18]}
29. c3 {[%clk 00:26:43]} {[%emt 00:00:18]} a5 {[%clk 01:15:21]} {[%emt
00:01:01]} 30. Nc5 {[%clk 00:19:36]} {[%emt 00:07:36]} Bxc5 {[%clk 01:15:22]}
{[%emt 00:00:30]} 31. dxc5 {[%clk 00:20:01]} {[%emt 00:00:05]} Qc2 {[%clk
01:15:37]} {[%emt 00:00:16]} 32. Bd4 {[%clk 00:20:06]} {[%emt 00:00:24]} Qb3
{[%clk 01:15:56]} {[%emt 00:00:11]} 33. f4 {[%clk 00:19:56]} {[%emt 00:00:39]}
b4 {[%clk 01:15:11]} {[%emt 00:01:17]} 34. cxb4 {[%clk 00:18:23]} {[%emt
00:02:02]} axb4 {[%clk 01:15:35]} {[%emt 00:00:06]} 35. Qb7 {[%clk 00:17:40]}
{[%emt 00:01:13]} h6 {[%clk 01:14:07]} {[%emt 00:01:58]} 36. Qxb4 {[%clk
00:17:10]} {[%emt 00:01:00]} Qd5 {[%clk 01:13:52]} {[%emt 00:00:44]} 37. Re5
{[%clk 00:10:15]} {[%emt 00:07:26]} Qa8 {[%clk 01:13:11]} {[%emt 00:01:10]} 38.
Bc3 {[%clk 00:09:34]} {[%emt 00:01:12]} Bh3 {[%clk 01:13:00]} {[%emt 00:00:41]}
39. Qe4 {[%clk 00:09:24]} {[%emt 00:00:39]} Qa6 {[%clk 01:13:07]} {[%emt
00:00:24]} 40. Qe2 {[%clk 00:04:58]} {[%emt 00:04:56]} Qc6 {[%clk 01:13:23]}
{[%emt 00:00:14]} 41. b4 {[%clk 00:29:47]} {[%emt 00:05:41]} Rd8 {[%clk
01:43:45]} {[%emt 00:00:08]} 42. Be1 {[%clk 00:25:40]} {[%emt 00:04:37]} Qd7
{[%clk 01:39:54]} {[%emt 00:04:21]} 43. Re7 {[%clk 00:24:37]} {[%emt 00:01:33]}
Qd4+ {[%clk 01:40:19]} {[%emt 00:00:05]} 44. Qe3 {[%clk 00:24:43]} {[%emt
00:00:23]} Qb2 {[%clk 01:40:34]} {[%emt 00:00:15]} 45. Re8+ {[%clk 00:24:30]}
{[%emt 00:00:43]} Kh7 {[%clk 01:40:36]} {[%emt 00:00:29]} 46. Qe4+ {[%clk
00:24:48]} {[%emt 00:00:11]} f5 {[%clk 01:41:05]} {[%emt 00:00:02]} 47. Qe2
{[%clk 00:24:29]} {[%emt 00:00:48]} Qd4+ {[%clk 01:41:12]} {[%emt 00:00:24]}
48. Qf2 {[%clk 00:21:25]} {[%emt 00:03:34]} Qxf2+ {[%clk 01:41:34]} {[%emt
00:00:09]} 49. Kxf2 {[%clk 00:21:39]} {[%emt 00:00:15]} Rxe8 {[%clk 01:42:00]}
{[%emt 00:00:04]} 50. Bd2 {[%clk 00:21:31]} {[%emt 00:00:38]} Bg4 {[%clk
01:41:54]} {[%emt 00:00:36]} 51. Be3 {[%clk 00:21:52]} {[%emt 00:00:09]} Bd1
{[%clk 01:41:48]} {[%emt 00:00:36]} 52. b5 {[%clk 00:18:04]} {[%emt 00:04:17]}
Ba4 {[%clk 01:42:12]} {[%emt 00:00:06]} 53. b6 {[%clk 00:18:19]} {[%emt
00:00:16]} Bc6 {[%clk 01:42:39]} {[%emt 00:00:03]} 54. Bd2 {[%clk 00:17:10]}
{[%emt 00:01:39]} Kg8 {[%clk 01:42:35]} {[%emt 00:00:34]} 55. Bc3 {[%clk
00:16:24]} {[%emt 00:01:16]} Kf7 {[%clk 01:42:39]} {[%emt 00:00:26]} 56. h4
{[%clk 00:16:10]} {[%emt 00:00:44]} h5 {[%clk 01:43:01]} {[%emt 00:00:09]} 57.
Kf1 {[%clk 00:16:11]} {[%emt 00:00:27]} Re3 {[%clk 01:43:05]} {[%emt 00:00:27]}
58. Bb2 {[%clk 00:16:05]} {[%emt 00:00:35]} Rxg3 {[%clk 01:43:24]} {[%emt
00:00:12]} 59. a4 {[%clk 00:16:20]} {[%emt 00:00:15]} Rf3+ {[%clk 01:43:49]}
{[%emt 00:00:05]} 60. Ke2 {[%clk 00:16:40]} {[%emt 00:00:10]} Rxf4 {[%clk
01:44:14]} {[%emt 00:00:05]} 61. a5 {[%clk 00:16:30]} {[%emt 00:00:40]} Rxh4
{[%clk 01:44:06]} {[%emt 00:00:38]} 62. a6 {[%clk 00:16:45]} {[%emt 00:00:16]}
Rh2+ {[%clk 01:44:32]} {[%emt 00:00:03]} 63. Kd3 {[%clk 00:16:55]} {[%emt
00:00:20]} Rxb2 {[%emt 00:00:29]} 0-1

[Event "DEM U12 2023"]
[Site "Willingen GER"]
[Date "2023.06.01"]
[Round "7"]
[White "Mukazhanov, Mansur"]
[Black "Lee, Ho In"]
[Result "1-0"]
[Termination "normal"]
[Board "12"]
[WhiteElo "1563"]
[BlackElo "1492"]
[WhiteClock "01:13:51"]
[BlackClock "00:21:56"]
[PlyCount "93"]
[WhiteFideId "13752324"]
[BlackFideId "34623655"]
[EventCountry "GER"]
[EventRounds "9"]
[EventType "swiss"]
[EventDate "2023.05.27"]

1. e4 {[%clk 01:30:54]} {[%emt 00:00:04]} c5 {[%clk 01:30:55]} {[%emt
00:00:06]} 2. Nf3 {[%clk 01:31:14]} {[%emt 00:00:10]} d6 {[%clk 01:31:22]}
{[%emt 00:00:04]} 3. Bb5+ {[%clk 01:31:32]} {[%emt 00:00:13]} Bd7 {[%clk
01:31:47]} {[%emt 00:00:05]} 4. Bxd7+ {[%clk 01:31:49]} {[%emt 00:00:11]} Qxd7
{[%clk 01:32:11]} {[%emt 00:00:06]} 5. O-O {[%clk 01:31:49]} {[%emt 00:00:30]}
Nf6 {[%clk 01:32:21]} {[%emt 00:00:20]} 6. Re1 {[%clk 01:31:55]} {[%emt
00:00:25]} Nc6 {[%clk 01:29:43]} {[%emt 00:03:08]} 7. c3 {[%clk 01:32:00]}
{[%emt 00:00:25]} g6 {[%clk 01:30:07]} {[%emt 00:00:06]} 8. d4 {[%clk
01:32:23]} {[%emt 00:00:07]} cxd4 {[%clk 01:30:33]} {[%emt 00:00:04]} 9. cxd4
{[%clk 01:32:40]} {[%emt 00:00:12]} Bg7 {[%clk 01:30:49]} {[%emt 00:00:14]} 10.
Nc3 {[%clk 01:32:38]} {[%emt 00:00:33]} O-O {[%clk 01:30:22]} {[%emt 00:00:57]}
11. h3 {[%emt 00:01:16]} a6 {[%clk 01:28:52]} {[%emt 00:01:24]} 12. b3 {[%clk
01:26:51]} {[%emt 00:06:06]} Rfd8 {[%clk 01:17:48]} {[%emt 00:11:33]} 13. Bb2
{[%clk 01:21:35]} {[%emt 00:05:48]} d5 {[%clk 01:15:22]} {[%emt 00:02:56]} 14.
e5 {[%clk 01:19:48]} {[%emt 00:02:17]} Ne8 {[%clk 01:15:46]} {[%emt 00:00:06]}
15. Rc1 {[%clk 01:20:10]} {[%emt 00:00:08]} Rac8 {[%clk 01:16:10]} {[%emt
00:00:05]} 16. Na4 {[%clk 01:20:34]} {[%emt 00:00:07]} Qc7 {[%clk 01:05:18]}
{[%emt 00:11:21]} 17. Qe2 {[%clk 01:14:17]} {[%emt 00:06:47]} e6 {[%clk
01:00:59]} {[%emt 00:04:50]} 18. Ba3 {[%clk 01:14:20]} {[%emt 00:00:26]} b5
{[%clk 01:00:11]} {[%emt 00:01:18]} 19. Nc5 {[%clk 01:14:36]} {[%emt 00:00:15]}
Qa5 {[%clk 01:00:32]} {[%emt 00:00:09]} 20. Bb2 {[%clk 01:14:43]} {[%emt
00:00:23]} Qb6 {[%clk 01:00:22]} {[%emt 00:00:39]} 21. a3 {[%clk 01:07:13]}
{[%emt 00:08:00]} Rc7 {[%clk 00:51:51]} {[%emt 00:09:00]} 22. a4 {[%clk
00:58:59]} {[%emt 00:08:45]} Na5 {[%clk 00:40:58]} {[%emt 00:11:22]} 23. Nd2
{[%clk 00:56:37]} {[%emt 00:02:53]} Bh6 {[%clk 00:39:36]} {[%emt 00:01:52]} 24.
b4 {[%clk 00:52:42]} {[%emt 00:04:25]} Nb7 {[%clk 00:31:05]} {[%emt 00:09:02]}
25. a5 {[%clk 00:51:33]} {[%emt 00:01:39]} Qa7 {[%clk 00:31:20]} {[%emt
00:00:14]} 26. Rc3 {[%clk 00:51:13]} {[%emt 00:00:51]} Nxc5 {[%clk 00:31:32]}
{[%emt 00:00:17]} 27. dxc5 {[%clk 00:51:35]} {[%emt 00:00:07]} Bf8 {[%clk
00:18:15]} {[%emt 00:13:47]} 28. Nf3 {[%clk 00:51:08]} {[%emt 00:00:57]} Ng7
{[%clk 00:17:32]} {[%emt 00:01:13]} 29. g4 {[%clk 00:47:59]} {[%emt 00:03:39]}
Ne8 {[%clk 00:14:03]} {[%emt 00:04:01]} 30. Nd4 {[%clk 00:47:58]} {[%emt
00:00:30]} Rcc8 {[%clk 00:11:05]} {[%emt 00:03:28]} 31. f4 {[%clk 00:46:33]}
{[%emt 00:01:55]} Ng7 {[%clk 00:09:00]} {[%emt 00:02:35]} 32. Rg3 {[%clk
00:46:50]} {[%emt 00:00:13]} Be7 {[%clk 00:08:38]} {[%emt 00:00:52]} 33. Rf1
{[%clk 00:46:55]} {[%emt 00:00:25]} Rc7 {[%clk 00:04:11]} {[%emt 00:04:57]} 34.
f5 {[%clk 00:47:07]} {[%emt 00:00:18]} exf5 {[%clk 00:04:29]} {[%emt 00:00:12]}
35. gxf5 {[%clk 00:47:30]} {[%emt 00:00:05]} Bf8 {[%clk 00:04:14]} {[%emt
00:00:48]} 36. f6 {[%clk 00:47:19]} {[%emt 00:00:40]} Ne6 {[%clk 00:04:10]}
{[%emt 00:00:34]} 37. Qg4 {[%clk 00:46:45]} {[%emt 00:01:03]} Re8 {[%clk
00:03:36]} {[%emt 00:01:05]} 38. h4 {[%clk 00:46:18]} {[%emt 00:00:57]} h6
{[%clk 00:03:22]} {[%emt 00:00:44]} 39. Nf5 {[%clk 00:45:18]} {[%emt 00:01:30]}
Kh7 {[%clk 00:03:20]} {[%emt 00:00:32]} 40. Nd6 {[%clk 00:45:38]} {[%emt
00:00:10]} Bxd6 {[%clk 00:03:33]} {[%emt 00:00:17]} 41. exd6 {[%clk 00:45:48]}
{[%emt 00:00:20]} Rd7 {[%clk 00:02:21]} {[%emt 00:01:42]} 42. Kh2 {[%clk
00:45:42]} {[%emt 00:00:36]} Qb7 {[%clk 00:28:52]} {[%emt 00:04:00]} 43. h5
{[%clk 01:15:10]} {[%emt 00:01:01]} g5 {[%clk 00:28:11]} {[%emt 00:01:12]} 44.
Qf5+ {[%clk 01:14:47]} {[%emt 00:00:52]} Kh8 {[%clk 00:28:00]} {[%emt
00:00:40]} 45. Re1 {[%clk 01:13:18]} {[%emt 00:02:00]} Rf8 {[%clk 00:21:34]}
{[%emt 00:06:56]} 46. Rxe6 {[%clk 01:13:26]} {[%emt 00:00:22]} fxe6 {[%clk
00:21:56]} {[%emt 00:00:08]} 47. f7+ {[%clk 01:13:51]} {[%emt 00:00:05]} 1-0

[Event "DEM U12 2023"]
[Site "Willingen GER"]
[Date "2023.06.01"]
[Round "7"]
[White "Junge, Mattheo Gabriel"]
[Black "Fischermann, Simon"]
[Result "1-0"]
[Termination "normal"]
[Board "13"]
[WhiteElo "1302"]
[BlackElo "1659"]
[WhiteClock "01:18:33"]
[BlackClock "01:02:07"]
[PlyCount "27"]
[WhiteFideId "34605908"]
[BlackFideId "34620869"]
[EventCountry "GER"]
[EventRounds "9"]
[EventType "swiss"]
[EventDate "2023.05.27"]

1. e4 {[%clk 01:30:54]} {[%emt 00:00:05]} e5 {[%clk 01:30:56]} {[%emt
00:00:04]} 2. Nf3 {[%clk 01:31:14]} {[%emt 00:00:09]} Nc6 {[%clk 01:31:20]}
{[%emt 00:00:07]} 3. Bb5 {[%clk 01:31:30]} {[%emt 00:00:13]} a6 {[%clk
01:31:42]} {[%emt 00:00:09]} 4. Ba4 {[%clk 01:31:52]} {[%emt 00:00:08]} f5
{[%clk 01:30:35]} {[%emt 00:01:37]} 5. d4 {[%clk 01:31:52]} {[%emt 00:00:30]}
exd4 {[%clk 01:29:20]} {[%emt 00:01:46]} 6. e5 {[%clk 01:31:45]} {[%emt
00:00:36]} b5 {[%clk 01:17:45]} {[%emt 00:12:05]} 7. Bb3 {[%clk 01:31:57]}
{[%emt 00:00:17]} Bb7 {[%clk 01:17:45]} {[%emt 00:00:32]} 8. O-O {[%clk
01:30:16]} {[%emt 00:02:10]} Na5 {[%clk 01:16:01]} {[%emt 00:02:14]} 9. Nxd4
{[%clk 01:24:17]} {[%emt 00:06:28]} Nxb3 {[%clk 01:15:49]} {[%emt 00:00:43]}
10. axb3 {[%clk 01:24:33]} {[%emt 00:00:14]} g6 {[%clk 01:15:28]} {[%emt
00:00:50]} 11. Re1 {[%clk 01:21:19]} {[%emt 00:03:43]} Ne7 {[%clk 01:02:23]}
{[%emt 00:13:36]} 12. Bg5 {[%clk 01:19:49]} {[%emt 00:01:59]} Bg7 {[%clk
01:02:07]} {[%emt 00:00:47]} 13. e6 {[%clk 01:19:26]} {[%emt 00:00:53]} d6
{[%clk 01:02:07]} {[%emt 00:00:30]} 14. Nxf5 {[%clk 01:18:33]} {[%emt
00:01:23]} 1-0

[Event "DEM U12 2023"]
[Site "Willingen GER"]
[Date "2023.06.01"]
[Round "7"]
[White "Ramming, Moritz"]
[Black "Deiringer, Julius"]
[Result "1-0"]
[Termination "normal"]
[Board "14"]
[WhiteElo "1597"]
[BlackElo "1742"]
[WhiteClock "00:06:57"]
[BlackClock "00:05:43"]
[PlyCount "73"]
[WhiteFideId "34618198"]
[BlackFideId "16267010"]
[EventCountry "GER"]
[EventRounds "9"]
[EventType "swiss"]
[EventDate "2023.05.27"]

1. e4 {[%clk 01:30:48]} {[%emt 00:00:11]} e5 {[%clk 01:30:55]} {[%emt
00:00:05]} 2. Nf3 {[%clk 01:31:12]} {[%emt 00:00:06]} Nc6 {[%clk 01:31:21]}
{[%emt 00:00:04]} 3. Bc4 {[%clk 01:31:37]} {[%emt 00:00:05]} Bc5 {[%clk
01:31:46]} {[%emt 00:00:05]} 4. c3 {[%clk 01:32:03]} {[%emt 00:00:05]} Nf6
{[%clk 01:32:12]} {[%emt 00:00:03]} 5. d4 {[%clk 01:32:26]} {[%emt 00:00:07]}
exd4 {[%clk 01:32:38]} {[%emt 00:00:04]} 6. e5 {[%clk 01:32:51]} {[%emt
00:00:05]} d5 {[%clk 01:32:27]} {[%emt 00:00:41]} 7. Be2 {[%clk 01:33:15]}
{[%emt 00:00:06]} Ne4 {[%clk 01:31:30]} {[%emt 00:01:26]} 8. cxd4 {[%clk
01:32:03]} {[%emt 00:01:42]} Bb6 {[%clk 01:28:21]} {[%emt 00:03:39]} 9. Nc3
{[%clk 01:30:52]} {[%emt 00:01:41]} O-O {[%clk 01:25:56]} {[%emt 00:02:55]} 10.
O-O {[%clk 01:28:53]} {[%emt 00:02:29]} Bg4 {[%clk 01:23:55]} {[%emt 00:02:31]}
11. Be3 {[%clk 01:28:21]} {[%emt 00:01:02]} Qd7 {[%clk 01:15:48]} {[%emt
00:08:37]} 12. Rc1 {[%clk 01:23:32]} {[%emt 00:05:20]} Ne7 {[%clk 01:10:18]}
{[%emt 00:05:59]} 13. Kh1 {[%clk 01:09:52]} {[%emt 00:14:10]} Nf5 {[%clk
00:57:45]} {[%emt 00:13:03]} 14. Kg1 {[%clk 00:53:49]} {[%emt 00:16:34]} Rad8
{[%clk 00:36:00]} {[%emt 00:22:15]} 15. Na4 {[%clk 00:39:27]} {[%emt 00:14:52]}
Nxe3 {[%clk 00:33:05]} {[%emt 00:03:24]} 16. fxe3 {[%clk 00:36:43]} {[%emt
00:03:14]} Ba5 {[%clk 00:31:02]} {[%emt 00:02:33]} 17. Nc5 {[%clk 00:34:19]}
{[%emt 00:02:54]} Nxc5 {[%clk 00:31:02]} {[%emt 00:00:30]} 18. Rxc5 {[%clk
00:34:19]} {[%emt 00:00:30]} Bb6 {[%clk 00:30:42]} {[%emt 00:00:49]} 19. Rc2
{[%clk 00:31:41]} {[%emt 00:03:08]} h6 {[%clk 00:28:06]} {[%emt 00:03:06]} 20.
b4 {[%clk 00:28:18]} {[%emt 00:03:54]} Qe7 {[%clk 00:25:13]} {[%emt 00:03:22]}
21. Rb2 {[%clk 00:25:53]} {[%emt 00:02:56]} f6 {[%clk 00:23:45]} {[%emt
00:01:56]} 22. Nh4 {[%clk 00:17:36]} {[%emt 00:08:48]} Bxe2 {[%clk 00:17:04]}
{[%emt 00:07:11]} 23. Qxe2 {[%clk 00:17:07]} {[%emt 00:00:59]} fxe5 {[%clk
00:16:04]} {[%emt 00:01:30]} 24. Rxf8+ {[%clk 00:16:15]} {[%emt 00:01:22]} Rxf8
{[%clk 00:14:53]} {[%emt 00:01:41]} 25. Ng6 {[%clk 00:14:37]} {[%emt 00:02:08]}
Qf6 {[%clk 00:15:01]} {[%emt 00:00:22]} 26. Nxf8 {[%clk 00:13:50]} {[%emt
00:01:17]} exd4 {[%clk 00:14:51]} {[%emt 00:00:40]} 27. Nd7 {[%clk 00:13:32]}
{[%emt 00:00:48]} Qc6 {[%clk 00:13:48]} {[%emt 00:01:32]} 28. Nxb6 {[%clk
00:13:33]} {[%emt 00:00:31]} Qc1+ {[%clk 00:13:49]} {[%emt 00:00:29]} 29. Kf2
{[%clk 00:13:48]} {[%emt 00:00:15]} dxe3+ {[%clk 00:12:59]} {[%emt 00:01:19]}
30. Kg3 {[%clk 00:13:32]} {[%emt 00:00:46]} Qc3 {[%clk 00:10:46]} {[%emt
00:02:43]} 31. Nxd5 {[%clk 00:13:04]} {[%emt 00:00:58]} Qe5+ {[%clk 00:11:10]}
{[%emt 00:00:06]} 32. Nf4 {[%clk 00:13:21]} {[%emt 00:00:13]} g5 {[%clk
00:10:51]} {[%emt 00:00:49]} 33. Qc4+ {[%clk 00:13:25]} {[%emt 00:00:26]} Kg7
{[%clk 00:10:25]} {[%emt 00:00:56]} 34. Re2 {[%clk 00:13:06]} {[%emt 00:00:50]}
h5 {[%clk 00:08:38]} {[%emt 00:02:17]} 35. h4 {[%clk 00:12:16]} {[%emt
00:01:20]} b5 {[%clk 00:08:14]} {[%emt 00:00:53]} 36. Qd4 {[%clk 00:07:09]}
{[%emt 00:05:37]} gxh4+ {[%clk 00:05:43]} {[%emt 00:03:00]} 37. Kh3 {[%clk
00:06:57]} {[%emt 00:00:43]} 1-0